• 首页
  • 本馆介绍
  • 公告通知
  • 最新文献
  • 馆藏检索
  • 电子资源
  • 读者导购
  • 参考咨询
  • 我的图书馆
  • 登录
  • 详细信息显示
  • 放入我的书架
  • 预约/预借图书
  • 作者相关作品
  • 分类相关作品
  • 丛书相关作品
  • 出版社相关作品

书目信息

  • 表格格式
  • 工作单格式
  • 卡片格式
题名:
三角综合习题题解
    
 
作者: 郑彩书 编
分册:  
出版信息: 贵阳   贵州人民出版社  1982
页数: 1150页
开本: 19cm
丛书名:
单 册:
中图分类: O124-44 , O124
科图分类:
主题词: 初等数学-三角--解题 , 三角-初等数学--解题 , 初等数学
电子资源:
ISBN:
000 00721nam0 2200277 45
001 0182000799
005 20040701091553.7
010    @dCNY3.20
091    @a7115.600
100    @a19950226d1982 demy0chiy0121 ea
101 0  @achi
102    @aCN@b520000
105    @ay q 000yy
106    @ar
200 10 @a三角综合习题题解@Asan jiao zong he xi ti ti jie@f郑彩书编
210    @a贵阳@c贵州人民出版社@d1982
215    @a1150页@d19cm
606    @a初等数学-三角@x解题
606    @a三角-初等数学@x解题
606 0  @a初等数学
690    @aO124-44@v3
690    @aO124@v3
701  0 @a郑彩书@Azheng cai shu@4编
801  0 @aCN@b上海图书馆@c20040518
801  2 @aCN@bNLC@c20040518
905    @dO124@e4@f1@b159034
    
    三角综合习题题解/郑彩书编.-贵阳:贵州人民出版社,1982
    1150页;19cm
    
    
    ISBN :CNY3.20
    
●
相关链接 在E读中查询图书 在五车中查询图书 在当当中查询图书 在豆瓣中查询图书


正题名:三角综合习题题解     索取号:O124/4         预约/预借

序号 登录号 条形码 馆藏地/架位号 状态 备注
1 0159033   001242471   第三借阅区/ [索取号:O124/4] 在馆    
2 0159034   001942713   密集书库/ [索取号:O124/4] 在馆    
3 0159035   001242417   第二样本阅览室/ [索取号:O124/4] 在馆    
唐山师范学院图书馆 欢迎您!
大连网信软件有限公司© 版权所有